[Event "Turtle Speed (Knockout)"]
[Site "SchemingMind.com"]
[Date "2008.07.22"]
[Round "-"]
[White "Joe Daudish"]
[Black "loco61"]
[Result "1/2-1/2"]
[WhiteCountry "USA"]
[BlackCountry "ENG"]
[WhiteElo "1729"]
[WhiteRD "43"]
[BlackElo "1609"]
[BlackRD "62"]
[GameID "164135"]

1. d4 d5 2. Nf3 Nc6 3. Bf4 Nf6 4. h3 Bf5 5. c3 e6 6. e3 a6 7. Bd3 Bxd3 8. Qxd3 Bd6 9. Bxd6 Qxd6 10. Nbd2 Nd7
11. O-O O-O-O 12. e4 Nb6 13. e5 Qe7 14. b4 f5 15. exf6 gxf6 16. a4 a5 17. b5 Na7 18. Rfe1 Qd6 19. Nb3 Nc4 20. Nfd2 Nxd2
21. Qxd2 b6 22. Qd3 Rd7 23. Re3 Re8 24. c4 e5 25. c5 Qe6 26. cxb6 cxb6 27. Rc1+ Rc7 28. Rxc7+ Kxc7 29. dxe5 fxe5 30. Qxh7+ Kb8
31. Nd2 Re7 32. Qh8+ Kc7 33. Rc3+ Kb7 34. Nf3 Re8 35. Qh7+ Re7 36. Qh5 d4 37. Rc1 Qd5 38. Nd2 Nc8 39. f3 Nd6 40. Qg4 Rc7
41. Rxc7+ Kxc7 42. Ne4 d3 43. Nf6 Qc5+ 44. Kh2 Kb7 45. Ne4 Qc7 46. Nd2 e4 47. g3 e3 48. Ne4 Qc2+ 49. Kh1 Nxe4 50. Qxe4+ Kb8
51. Qxe3 d2 52. Qxb6+ Kc8 53. Qe6+ Kb8 54. Qd6+ Kc8=
1/2-1/2

[Event "Turtle Speed (Knockout)"]
[Site "SchemingMind.com"]
[Date "2008.07.21"]
[Round "-"]
[White "loco61"]
[Black "Joe Daudish"]
[Result "1/2-1/2"]
[WhiteCountry "ENG"]
[BlackCountry "USA"]
[WhiteElo "1609"]
[WhiteRD "62"]
[BlackElo "1729"]
[BlackRD "43"]
[GameID "164140"]

1. e4 e6 2. d4 d5 3. e5 Ne7 4. Bg5 c5 5. c3 cxd4 6. cxd4 Qa5+ 7. Bd2 Qc7 8. Bb5+ Nbc6 9. Nf3 Bd7 10. O-O a6
11. Ba4 Ng6 12. Bxc6 Bxc6 13. Qb3 Be7 14. Nc3 b5 15. Rac1 Qb7 16. a3 O-O 17. Bg5 Rfc8 18. Bxe7 Nxe7 19. Qc2 h6 20. b4 a5
21. Ne2 axb4 22. axb4 Bd7 23. Qd3 Rc4 24. Rb1 Ra4 25. Rfc1 Raxb4 26. Rxb4 Rxb4 27. g4 Rc4 28. Nd2 Rxc1+ 29. Nxc1 b4 30. Ncb3 Bb5
31. Qe3 Bc4 32. Nc5 Qb5 33. f4 Qa5 34. Ndb3 Qa2 35. h4 Qb1+ 36. Kh2 Nc6 37. f5 Bxb3 38. Nxb3 Qe4 39. Qxe4 dxe4 40. Kg3 exf5
41. gxf5 g6 42. fxg6 fxg6 43. Kf4 g5+ 44. hxg5 hxg5+ 45. Kxe4 Kf7 46. Kf5 g4 47. Kxg4 Ke6 48. Kf4 Ne7 49. Ke4 Ng6 50. d5+ Kd7
51. Kd4 Ne7 52. Nc5+ Ke8 53. d6 Ng6 54. e6 Nf8 55. Kc4 b3 56. Kxb3 Nxe6 57. Nb7 Kd7 58. Kc4 Kc6 59. d7=
1/2-1/2

[Event "Turtle Speed (Knockout)"]
[Site "SchemingMind.com"]
[Date "2008.07.27"]
[Round "-"]
[White "DuskXIV"]
[Black "aston294"]
[Result "1-0"]
[WhiteCountry "AUS"]
[BlackCountry "ENG"]
[WhiteElo "1380"]
[WhiteRD "173"]
[BlackElo "1135"]
[BlackRD "70"]
[GameID "165014"]

1. d4 d5 2. c4 dxc4 3. e4 Nc6 4. d5 Nb4 5. Qa4+ Bd7 6. Qxb4 a5 7. Qxc4 b5 8. Qc2 c6 9. dxc6 Bxc6 10. Qxc6+ Qd7
11. Qxa8+ Qd8 12. Bxb5#
1-0

[Event "Turtle Speed (Knockout)"]
[Site "SchemingMind.com"]
[Date "2008.07.27"]
[Round "-"]
[White "aston294"]
[Black "DuskXIV"]
[Result "0-1"]
[WhiteCountry "ENG"]
[BlackCountry "AUS"]
[WhiteElo "1062"]
[WhiteRD "68"]
[BlackElo "1574"]
[BlackRD "147"]
[GameID "165021"]

1. e4 c5 2. c4 Nc6 3. Nf3 e5 4. Nxe5 Nxe5 5. f4 Nc6 6. Nc3 Nge7 7. Nd5 Nxd5 8. cxd5 Nd4 9. Bb5 Nxb5 10. Qg4 d6
11. Rf1 Bxg4 12. h3 Qh4+
0-1

[Event "Turtle Speed (Knockout)"]
[Site "SchemingMind.com"]
[Date "2008.07.30"]
[Round "-"]
[White "lame wolf"]
[Black "z"]
[Result "0-1"]
[WhiteCountry "INT"]
[BlackCountry "IRQ"]
[WhiteElo "1062"]
[WhiteRD "47"]
[BlackElo "1719"]
[BlackRD "54"]
[GameID "165217"]

1. b4 e5 2. a3 a5 3. b5 d5 4. a4 Bd6 5. e3 f5 6. Bb2 Nf6 7. c4 c6 8. Qc2 O-O 9. g3 f4 10. gxf4 exf4
11. c5 Be7 12. b6 Ne4 13. Bd3 Bf5 14. f3 Bh4+ 15. Ke2 Nf2 16. Bxf5 Nxh1 17. Qc3 Qg5 18. Be6+ Kh8 19. Nh3 Qg2+ 20. Kd3 Na6
21. Nxf4 Nb4+ 22. Kd4 Bf6#
0-1

[Event "Turtle Speed (Knockout)"]
[Site "SchemingMind.com"]
[Date "2008.07.30"]
[Round "-"]
[White "z"]
[Black "lame wolf"]
[Result "1-0"]
[WhiteCountry "IRQ"]
[BlackCountry "INT"]
[WhiteElo "1719"]
[WhiteRD "54"]
[BlackElo "1062"]
[BlackRD "47"]
[GameID "165222"]

1. e4 b6 2. d4 d5 3. exd5 Qxd5 4. c4 Qd8 5. Qf3 c6 6. Be3 g6 7. Bd3 Bg7 8. Ne2 e6 9. O-O Bb7 10. Nbc3 Qe7
11. Rad1 f5 12. Qg3 Nf6 13. h4 Nbd7 14. Rfe1 e5 15. dxe5 Nh5 16. Qh2 f4 17. Nxf4 Nxf4 18. Bxf4 O-O 19. Ne4 Rad8 20. Ng5 Qb4
21. h5 Qxb2 22. Nxh7 Kxh7 23. hxg6+ Kg8 24. Qh7#
1-0

[Event "Turtle Speed (Knockout)"]
[Site "SchemingMind.com"]
[Date "2008.07.31"]
[Round "-"]
[White "jake"]
[Black "spoke"]
[Result "0-1"]
[WhiteCountry "USA"]
[BlackCountry "GER"]
[WhiteElo "990"]
[WhiteRD "73"]
[BlackElo "1808"]
[BlackRD "62"]
[GameID "165452"]

1. d4 d5 2. Nc3 Nf6 3. Nf3 Bg4 4. Ne5 Bh5 5. Qd3 e6 6. Qb5+ Nbd7 7. Bg5 Rb8 8. Nxf7 Bxf7 9. e4 c6 10. Qd3 Be7
11. Bf4 dxe4 12. Qe3 Bb4 13. Bxb8 Qxb8 14. Bc4 Nb6 15. a3 Nfd5 16. Qxe4 Bxc3+ 17. bxc3 Nxc3 18. Qd3 Nbd5 19. Qg3 Qxg3 20. fxg3 O-O
21. Rc1 Ne3 22. Bd3 Ncd5 23. c4 Ne7 24. Ke2 N3f5 25. d5 exd5 26. cxd5 Bxd5 27. g4 Nd4+ 28. Ke3 Nb3 29. Rc3 Bxg2 30. Rb1 Nd5+
31. Ke2 Nxc3+
0-1

[Event "Turtle Speed (Knockout)"]
[Site "SchemingMind.com"]
[Date "2008.07.31"]
[Round "-"]
[White "spoke"]
[Black "jake"]
[Result "1-0"]
[WhiteCountry "GER"]
[BlackCountry "USA"]
[WhiteElo "1808"]
[WhiteRD "62"]
[BlackElo "990"]
[BlackRD "73"]
[GameID "165460"]

1. e4 Nf6 2. Nc3 e5 3. Nf3 d6 4. d4 exd4 5. Qxd4 c5 6. Bb5+ Nc6 7. Qd3 d5 8. e5 d4 9. Ne4 Qd5 10. exf6 gxf6
11. Nxf6+ Kd8 12. Nxd5 Be6 13. Bg5+ Ne7 14. Bxe7+ Bxe7 15. Nxe7 Kxe7 16. O-O Rhd8 17. Ng5 Bg4 18. Qxh7 Rd5 19. Qxf7+ Kd6 20. Rfe1 Rxg5
21. Qe7+ Kd5 22. c4+
1-0

[Event "Turtle Speed (Knockout)"]
[Site "SchemingMind.com"]
[Date "2008.08.01"]
[Round "-"]
[White "Clive Everill"]
[Black "Caputo"]
[Result "1-0"]
[WhiteCountry "CZE"]
[BlackCountry "USA"]
[WhiteElo "1686"]
[WhiteRD "47"]
[BlackElo "1626"]
[BlackRD "65"]
[GameID "165562"]

1. Nf3 d5 2. d4 Nf6 3. e3 Nc6 4. c4 Bg4 5. Nc3 e6 6. b3 Bb4 7. Bd2 Ne4 8. Qc2 Nxd2 9. Nxd2 Bxc3 10. Qxc3 O-O
11. Bd3 dxc4 12. Nxc4 f6 13. O-O Qe7 14. f3 Bf5 15. e4 Bg6 16. f4 Qb4 17. Qb2
1-0

[Event "Turtle Speed (Knockout)"]
[Site "SchemingMind.com"]
[Date "2008.08.02"]
[Round "-"]
[White "Caputo"]
[Black "Clive Everill"]
[Result "0-1"]
[WhiteCountry "USA"]
[BlackCountry "CZE"]
[WhiteElo "1572"]
[WhiteRD "68"]
[BlackElo "1683"]
[BlackRD "47"]
[GameID "165572"]

1. e4 c6 2. d4 d5 3. Nc3 b5 4. exd5 b4 5. Ne4 cxd5 6. Nc5 Nf6 7. Bb5+ Bd7 8. Nxd7 Nbxd7 9. Nf3 e6 10. Ne5 Rb8
11. Ba4 Bd6 12. Bg5 O-O 13. Nxd7 Rb7 14. Nxf6+ gxf6 15. Bh6 f5 16. Bxf8 Qxf8 17. O-O Qh6 18. h3 Qf4 19. g3 Qh6 20. Kg2 f4
21. Qg4+ Kf8 22. h4 f5 23. Qg5 Qxg5 24. hxg5 fxg3 25. fxg3 Rg7
0-1

[Event "Turtle Speed (Knockout)"]
[Site "SchemingMind.com"]
[Date "2008.08.06"]
[Round "-"]
[White "Wolli"]
[Black "Carl Lenox"]
[Result "1-0"]
[WhiteCountry "GER"]
[BlackCountry "CAN"]
[WhiteElo "1886"]
[WhiteRD "75"]
[BlackElo "1235"]
[BlackRD "56"]
[GameID "165653"]

1. d4 Nf6 2. c4 Nc6 3. Nf3 e6 4. Nc3 d6 5. Bg5 h6 6. Bh4 Be7 7. e3 b6 8. Bd3 Bb7 9. O-O Qd7 10. Qc2 O-O-O
11. a3 a6 12. b4 Rhg8 13. Bxf6 Bxf6 14. b5 Ne7 15. bxa6 Bxa6 16. a4 Nc6 17. Rfb1 Rge8 18. Ne4 g5 19. Nxf6 Qe7 20. Nxe8 Qxe8
21. Be4 Bb7 22. Bxc6 Bxc6 23. a5 Kd7 24. axb6 cxb6 25. Rxb6 f5 26. Ra7+ Kc8 27. Qa2 Rd7 28. Rxc6+
1-0

[Event "Turtle Speed (Knockout)"]
[Site "SchemingMind.com"]
[Date "2008.08.06"]
[Round "-"]
[White "Carl Lenox"]
[Black "Wolli"]
[Result "0-1"]
[WhiteCountry "CAN"]
[BlackCountry "GER"]
[WhiteElo "1235"]
[WhiteRD "56"]
[BlackElo "1886"]
[BlackRD "75"]
[GameID "165659"]

1. e4 d6 2. Nf3 Nf6 3. Nc3 g6 4. d3 Bg7 5. d4 O-O 6. Bd3 Bg4 7. Be3 Nbd7 8. h3 Bxf3 9. Qxf3 e5 10. g4 exd4
11. Bxd4 Ne5 12. Bxe5 dxe5 13. O-O-O Qe7 14. h4 a6 15. Rhe1 b5 16. g5 Nh5 17. Nd5 Qc5 18. Qg4 Qxf2 19. Nxc7 Ra7 20. Rf1 Qe3+
21. Rd2 Rxc7 22. b3 Nf4 23. Rf3 Nxd3+ 24. Kb1 Qe1+
0-1

[Event "Turtle Speed (Knockout)"]
[Site "SchemingMind.com"]
[Date "2008.08.02"]
[Round "-"]
[White "adamsrichg"]
[Black "Almondjoy"]
[Result "1-0"]
[WhiteCountry "USA"]
[BlackCountry "USA"]
[WhiteElo "1822"]
[WhiteRD "85"]
[BlackElo "1142"]
[BlackRD "128"]
[GameID "165755"]

1. e4 Nf6 2. e5 Nd5 3. c4 Nf4 4. d4 d6 5. Bxf4 f6 6. exd6 cxd6 7. Bd3 g6 8. Nf3 e5 9. Be3 d5 10. cxd5 Qxd5
11. Nc3 Qd8 12. O-O Bf5 13. Bxf5 gxf5 14. dxe5 Qxd1 15. Rfxd1 fxe5 16. Nxe5 Nc6 17. Nxc6 bxc6 18. Rd3 Rd8 19. Rxd8+ Kxd8 20. Rd1+ Ke8
21. Bxa7 Be7 22. Be3 Kf7 23. Kf1 c5 24. Ke2 c4 25. Rd7 Rd8 26. Rxd8 Bxd8 27. Kf3 h5 28. Bc5 Kg6 29. Nd5 Ba5 30. Bb4 Bd8
31. Ne3 c3 32. Bxc3 Kg5 33. a4 f4 34. Nd5 h4 35. Nxf4 Bf6 36. Bxf6+ Kxf6 37. a5 h3 38. Nxh3 Ke5 39. a6 Kd4 40. a7 Kd3
41. a8=Q Kc2 42. Qa3 Kc1 43. b4+
1-0

[Event "Turtle Speed (Knockout)"]
[Site "SchemingMind.com"]
[Date "2008.08.02"]
[Round "-"]
[White "Almondjoy"]
[Black "adamsrichg"]
[Result "0-1"]
[WhiteCountry "USA"]
[BlackCountry "USA"]
[WhiteElo "1142"]
[WhiteRD "128"]
[BlackElo "1822"]
[BlackRD "85"]
[GameID "165765"]

1. e4 c5 2. d4 cxd4 3. Qxd4 Nc6 4. Qd1 g6 5. f3 Bg7 6. c3 Nf6 7. Bd3 O-O 8. Ne2 d5 9. O-O e6 10. Bc2 dxe4
11. Qxd8 Rxd8 12. fxe4 b6 13. Nd2 Ba6 14. Rf2 Rd6 15. Nf3 Rad8 16. Ned4 Nxd4 17. cxd4 Ng4 18. e5 Nxf2 19. exd6 Ng4 20. h3 Nf6
21. Bf4 Nd5 22. Be5 f6 23. Bg3 Ne3 24. Bb3 Nd5 25. Re1 Kf7 26. Nd2 f5 27. Be5 Bc8 28. Nf3 h6 29. g4 Bd7 30. gxf5 gxf5
31. h4 Re8 32. Kf2 b5 33. Rg1 Bf6 34. Rh1 a5 35. h5 Nb6 36. Ra1 a4 37. Bd1 Rc8 38. b3 a3 39. Rb1 b4 40. Be2 Rc2
41. Ra1 Nd5 42. Ke1 Nc3
0-1

[Event "Turtle Speed (Knockout)"]
[Site "SchemingMind.com"]
[Date "2008.08.22"]
[Round "-"]
[White "loco61"]
[Black "Wolli"]
[Result "0-1"]
[WhiteCountry "ENG"]
[BlackCountry "GER"]
[WhiteElo "1633"]
[WhiteRD "67"]
[BlackElo "1870"]
[BlackRD "75"]
[GameID "168214"]

1. e4 e6 2. d4 d5 3. e5 c5 4. c3 Nc6 5. Nf3 Qb6 6. Qc2 cxd4 7. cxd4 Nge7 8. Be3 Ng6 9. Bd3 Bb4+ 10. Nbd2 O-O
11. a3 Be7 12. h4 h5 13. Ke2 Bd7 14. Bxg6 fxg6 15. Qxg6 Qxb2 16. Bh6 Rf7 17. Be3 Rxf3 18. Kxf3 Nxd4+ 19. Kg3 Nf5+ 20. Kf4 Qxe5+
21. Kf3 Nd4+ 22. Bxd4 Rf8+ 23. Qf7+ Rxf7#
0-1

[Event "Turtle Speed (Knockout)"]
[Site "SchemingMind.com"]
[Date "2008.08.22"]
[Round "-"]
[White "Wolli"]
[Black "loco61"]
[Result "1/2-1/2"]
[WhiteCountry "GER"]
[BlackCountry "ENG"]
[WhiteElo "1870"]
[WhiteRD "75"]
[BlackElo "1633"]
[BlackRD "67"]
[GameID "168221"]

1. d4 e6 2. c4 d5 3. Nc3 Nf6 4. Bg5 c6 5. e3 h6 6. Bh4 g5 7. Bg3 Bb4 8. a3 Bxc3+ 9. bxc3 Ne4 10. Ne2 Nxg3
11. Nxg3 Qa5 12. Qc2 Nd7 13. cxd5 cxd5 14. Be2 b5 15. O-O f5 16. Bh5+ Ke7 17. a4 Nf6 18. axb5 Qxb5 19. Be2 Qb6 20. Rfb1 Qd6
21. c4 dxc4 22. Qxc4 Nd5 23. Ra2=
1/2-1/2

[Event "Turtle Speed (Knockout)"]
[Site "SchemingMind.com"]
[Date "2008.10.15"]
[Round "-"]
[White "DuskXIV"]
[Black "spoke"]
[Result "0-1"]
[WhiteCountry "AUS"]
[BlackCountry "GER"]
[WhiteElo "1574"]
[WhiteRD "147"]
[BlackElo "1775"]
[BlackRD "65"]
[GameID "174985"]

1. d4 d5 2. c4 e6 3. Nc3 Nf6 4. cxd5 Nxd5 5. e4 Nxc3 6. bxc3 c5 7. Nf3 cxd4 8. cxd4 Nc6 9. Bc4 b5 10. Bxb5 Qa5+
11. Bd2 Qxb5 12. Qc2 Ba6 13. Ng1 Qf1#
0-1

[Event "Turtle Speed (Knockout)"]
[Site "SchemingMind.com"]
[Date "2008.10.15"]
[Round "-"]
[White "spoke"]
[Black "DuskXIV"]
[Result "0-1"]
[WhiteCountry "GER"]
[BlackCountry "AUS"]
[WhiteElo "1775"]
[WhiteRD "65"]
[BlackElo "1574"]
[BlackRD "147"]
[GameID "174994"]

1. e4 c5 2. Nf3 Nc6 3. d4 cxd4 4. Nxd4 g6 5. c4 Bg7 6. Be3 Nf6 7. Nc3 O-O 8. Be2 b6 9. O-O Bb7 10. f3 e6
11. Ndb5 d5 12. cxd5 exd5 13. exd5 Nb4 14. d6 Nbd5 15. Bg5 Nxc3 16. Nxc3 Qd7 17. Bb5 Bc6 18. Bxc6 Qxc6 19. Rc1 Qc5+ 20. Kh1 Qxg5
0-1

[Event "Turtle Speed (Knockout)"]
[Site "SchemingMind.com"]
[Date "2008.10.26"]
[Round "-"]
[White "z"]
[Black "Lee Shuck"]
[Result "1-0"]
[WhiteCountry "IRQ"]
[BlackCountry "ENG"]
[WhiteElo "1833"]
[WhiteRD "62"]
[BlackElo "1476"]
[BlackRD "77"]
[GameID "175745"]

1. e4 e5 2. Nf3 Nc6 3. Bb5 a6 4. Ba4 Nf6 5. O-O Be7 6. Re1 b5 7. Bb3 O-O 8. c3 d5 9. exd5 Nxd5 10. Nxe5 Nxe5
11. Rxe5 Bb7 12. d4 Nb6 13. Nd2 Bd5 14. Nf3 Bxb3 15. axb3 c5 16. Qe2 Re8 17. Bf4 Nd5 18. Bg3 cxd4 19. Nxd4 b4 20. Nc6 Qd7
21. Nxe7+ Rxe7 22. Re1 Kf8 23. c4 Nf6 24. Rxe7 Re8 25. Rxe8+ Qxe8 26. Bd6+
1-0

[Event "Turtle Speed (Knockout)"]
[Site "SchemingMind.com"]
[Date "2008.10.26"]
[Round "-"]
[White "Lee Shuck"]
[Black "z"]
[Result "0-1"]
[WhiteCountry "ENG"]
[BlackCountry "IRQ"]
[WhiteElo "1476"]
[WhiteRD "77"]
[BlackElo "1833"]
[BlackRD "62"]
[GameID "175753"]

1. e4 e6 2. d4 d5 3. Nc3 dxe4 4. Nxe4 Nd7 5. Nf3 Ngf6 6. Nxf6+ Nxf6 7. Bd3 Be7 8. Qe2 h6 9. O-O O-O 10. Bf4 b6
11. Ne5 Bb7 12. g4 Qxd4 13. Qe3 Qd5 14. f3 Bc5 15. Qxc5 bxc5 16. c3 c4 17. Nxc4 Qxd3 18. Kg2 Qxc4 19. Be5 Nxg4 20. Bd4 Qe2+
21. Bf2 Qxf3+
0-1

[Event "Turtle Speed (Knockout)"]
[Site "SchemingMind.com"]
[Date "2008.11.26"]
[Round "-"]
[White "Wolli"]
[Black "adamsrichg"]
[Result "1-0"]
[WhiteCountry "GER"]
[BlackCountry "USA"]
[WhiteElo "1859"]
[WhiteRD "83"]
[BlackElo "1901"]
[BlackRD "73"]
[GameID "180464"]

1. d4 Nf6 2. c4 e6 3. Nf3 Bb4+ 4. Nbd2 b6 5. a3 Bxd2+ 6. Bxd2 h6 7. g3 Bb7 8. Bg2 O-O 9. O-O d6 10. b4 Nbd7
11. Re1 Be4 12. Qb3 a6 13. a4 Qb8 14. a5 b5 15. cxb5 Qxb5 16. Rac1 c5 17. dxc5 dxc5 18. e3 Qb7 19. Qd1 cxb4 20. Rc4 Qd5
21. Rxb4 Rfd8 22. Rd4 Qc6 23. Bb4 Rab8 24. Ne5 Nxe5 25. Rxd8+ Rxd8 26. Qxd8+ Kh7 27. Qd4 Bxg2 28. Qxe5 Bh1 29. f3 Bxf3 30. Bc3 Bh1
31. Re2 Qf3 32. Rd2 Bg2 33. Rf2 Qd5 34. Qxd5 Bxd5 35. Bxf6 gxf6 36. Rxf6 Kg7 37. Rf1 f5 38. Kf2 h5 39. Rc1 Kg6 40. h4 Kf6
41. Rb1 Bc4 42. Rb4 Bd3 43. Ke1 Ke5 44. Kd2 Bf1 45. Rb8 Kf6 46. Kc3 Ke5 47. Rh8 Be2 48. Kd2 Bf3 49. Rh7 Kd5 50. Ra7 Kc5
51. Rxa6 Bd5 52. Rb6 Bc4 53. Rb8 e5 54. Rc8+
1-0

[Event "Turtle Speed (Knockout)"]
[Site "SchemingMind.com"]
[Date "2008.11.26"]
[Round "-"]
[White "adamsrichg"]
[Black "Wolli"]
[Result "0-1"]
[WhiteCountry "USA"]
[BlackCountry "GER"]
[WhiteElo "1901"]
[WhiteRD "73"]
[BlackElo "1859"]
[BlackRD "83"]
[GameID "180474"]

1. e4 d6 2. d4 Nf6 3. Nc3 g6 4. Nf3 Bg7 5. h3 O-O 6. Be3 a6 7. a4 Nc6 8. Be2 e5 9. dxe5 Nxe5 10. O-O Nxf3+
11. Bxf3 Be6 12. Qe2 Nd7 13. Qd2 Ne5 14. Be2 Bc4 15. Nd5 Bxe2 16. Qxe2 Rb8 17. c3 Nd7 18. f3 Nf6 19. Bg5 h6 20. Bh4 c6
21. Ne3 Qb6 22. Bf2 Qc7 23. Rad1 Rfd8 24. Nc4 d5 25. Bb6 Qe7 26. Bxd8 Rxd8 27. Nd2 d4 28. cxd4 Rxd4 29. b3 Qc5 30. Qf2 Qb4
31. Qe3 Nh5 32. Nc4 c5 33. Rd3 Nf4 34. Rdd1 Ne6 35. Kh1 Rxd1 36. Rxd1 Bd4 37. Qd3 Nf4 38. Qb1 Ne2 39. Qc2 Nc3 40. Rd3 Nxa4
41. bxa4 Qe1+ 42. Kh2 Bg1+ 43. Kh1= Bf2+
0-1

[Event "Turtle Speed (Knockout)"]
[Site "SchemingMind.com"]
[Date "2008.12.29"]
[Round "-"]
[White "DuskXIV"]
[Black "z"]
[Result "1-0"]
[WhiteCountry "AUS"]
[BlackCountry "IRQ"]
[WhiteElo "1850"]
[WhiteRD "94"]
[BlackElo "1884"]
[BlackRD "73"]
[GameID "184985"]

1. d4 c5 2. d5 e6 3. c4 exd5 4. cxd5 d6 5. Nc3 Nf6 6. e4 g6 7. Bd3 Bg7 8. Nge2 O-O 9. O-O a6 10. a4 Qc7
11. f4 c4 12. Bc2 Ng4 13. Nd4 Qc5 14. Ne2 h5 15. h3 Nh6 16. Be3 Qc7 17. f5 Re8 18. f6 Bf8 19. Nf4 Kh7 20. Nxh5 Nd7
21. Qd2 Re5 22. Ng7 Ng8 23. Qf2 Ndxf6 24. Ngf5 Bxf5 25. exf5 Rae8 26. Qh4+ Kg7 27. fxg6 fxg6 28. Bh6+ Nxh6 29. Qxf6+ Kg8 30. Ne6 R5xe6
31. dxe6 Qg7 32. Bxg6 Rc8 33. Rae1 Be7 34. Bf7+ Nxf7 35. Qxf7+ Qxf7 36. Rxf7 Bg5 37. Rxb7 c3 38. bxc3 Bd2 39. Rd1 Bxc3 40. Rxd6 a5
41. e7 Re8 42. Rd8 Kf7 43. Rxe8 Kxe8 44. Kf2 Bd4+ 45. Kf3
1-0

[Event "Turtle Speed (Knockout)"]
[Site "SchemingMind.com"]
[Date "2008.12.29"]
[Round "-"]
[White "z"]
[Black "DuskXIV"]
[Result "1-0"]
[WhiteCountry "IRQ"]
[BlackCountry "AUS"]
[WhiteElo "1882"]
[WhiteRD "70"]
[BlackElo "1804"]
[BlackRD "103"]
[GameID "184991"]

1. e4 c5 2. Nf3 Nc6 3. d4 cxd4 4. Nxd4 d6 5. c4 Nf6 6. Nc3 g6 7. Be2 Bg7 8. Be3 O-O 9. O-O Bd7 10. Qd2 Nxd4
11. Bxd4 Bc6 12. f3 a5 13. Rac1 Nd7 14. Rfd1 Bxd4+ 15. Qxd4 Nc5 16. Nd5 Rb8 17. b3 f5 18. e5 Ne6 19. Qh4 Rf7 20. c5 Qf8
21. Bc4 Nxc5 22. Nxe7+ Kg7 23. Bxf7 Qxf7 24. Nxc6 bxc6 25. exd6
1-0

[Event "Turtle Speed (Knockout)"]
[Site "SchemingMind.com"]
[Date "2009.04.12"]
[Round "-"]
[White "Wolli"]
[Black "z"]
[Result "1-0"]
[WhiteCountry "GER"]
[BlackCountry "IRQ"]
[WhiteElo "1832"]
[WhiteRD "81"]
[BlackElo "1864"]
[BlackRD "79"]
[GameID "199942"]

1. d4 Nf6 2. c4 g6 3. Nc3 Bg7 4. g3 O-O 5. Bg2 d6 6. Nf3 Nbd7 7. O-O e5 8. e4 exd4 9. Nxd4 a5 10. b3 Nc5
11. f3 b6 12. Bg5 Bb7 13. Nd5 c6 14. Nxf6+ Bxf6 15. Bxf6 Qxf6 16. Qd2 Rad8 17. Rad1 Ne6 18. Nxe6 fxe6 19. f4 d5 20. cxd5 exd5
21. e5 Qe6 22. Rf3 a4 23. b4 Ba6 24. a3 Bc4 25. Bf1 Bb3 26. Rc1 Kg7 27. Rfc3 Rc8 28. Ba6 Rc7 29. Bb5 Rfc8 30. Qd4 cxb5
31. Rxc7+ Rxc7 32. Rxc7+ Kh6 33. Qc3 Qf5 34. e6 Qxe6 35. Qg7+ Kh5 36. Qxh7+ Kg4 37. Kf2 d4 38. Qh4+ Kf5 39. Qg5+ Ke4 40. Re7 Qxe7
41. Qxe7+ Kd3 42. Qe2+ Kc3 43. Ke1 d3 44. Qd2+ Kc4 45. h4 Bc2 46. g4 Kb3 47. Qc1
1-0

[Event "Turtle Speed (Knockout)"]
[Site "SchemingMind.com"]
[Date "2009.04.12"]
[Round "-"]
[White "z"]
[Black "Wolli"]
[Result "0-1"]
[WhiteCountry "IRQ"]
[BlackCountry "GER"]
[WhiteElo "1827"]
[WhiteRD "85"]
[BlackElo "1848"]
[BlackRD "82"]
[GameID "199952"]

1. d4 d5 2. c4 e6 3. Nc3 Be7 4. Bf4 Nf6 5. e3 O-O 6. Nf3 Nbd7 7. Rc1 c6 8. Be2 dxc4 9. Bxc4 Nd5 10. Bg3 Nxc3
11. bxc3 b6 12. O-O Bb7 13. Qe2 Nf6 14. Rfd1 Ne4 15. Be5 Bf6 16. Ba6 Bxa6 17. Qxa6 Qc8 18. Qa4 c5 19. c4 cxd4 20. exd4 Bxe5
21. Nxe5 f6 22. Nd3 Rd8 23. Nf4 Rd6 24. f3 Ng5 25. h4 Nf7 26. d5 exd5 27. cxd5 Qd7 28. Qc4 Ne5 29. Qc7 Rd8 30. Kf2 Qxc7
31. Rxc7 R8d7 32. Rxd7 Nxd7 33. Ke3 Ne5 34. Rc1 a5 35. Kd4 Kf7 36. Rc7+ Rd7 37. Rxd7+ Nxd7 38. Kc4 Ke7 39. Kd4 g6 40. Nd3 Kd6
41. Nf2 f5 42. g4 Nf6 43. gxf5 gxf5 44. Nh1 Nxd5 45. Ng3 Ne7 46. a4 Ke6 47. Ne2 Nd5 48. Nc1 Nc7 49. Nd3 Kd6 50. Ke3 b5
51. axb5 Nxb5 52. Kf4 Nd4 53. Ne1 Kd5 54. Ke3 Kc4 55. Nd3 Nxf3 56. h5 Nd4 57. Ne5+ Kc3 58. Nf7 a4 59. Ng5 h6 60. Nf7 a3
61. Nxh6 a2 62. Nf7 a1=Q 63. h6 Qf1
0-1